Który Piłkarz jest starszy - Statystyki

Ogólne statystyki
  • Ten quiz został rozwiązany 145 razy
    127 od ostatniego zresetowania
  • Średni wynik to 2 z 6
Statystyki odpowiedzi
Zagadnienie Odpowiedź % Poprawnych
Kto jest najstarszy? Cristiano Ronaldo
63%
Kto jest najstarszy? Eden Hazard
38%
Kto jest najstarszy? Przemysław Płacheta
38%
Kto jest najstarszy? Antoine Griezmann
25%
Kto jest najstarszy? Jordan Pickford
25%
Kto jest najstarszy? Quincy Promes
0%
Nie znaleziono quizów pasujących do podanych kryteriów
Rozkład punktacji
Procent ludzi z każdym wynikiem
Percentyl według liczby udzielonych odpowiedzi
Twoja historia wyników
Nie rozwiązałeś tego quizu od ostatniego zresetowania